Loading...
Literature - World Lit | 2 | 3 | 1 | 1 | 55 | 20 | 74.00 | 2 | 4 |
Literature - American Lit | 3 | 0 | 0 | 0 | 45 | 54 | 70.33 | 2 | 2 |
Literature - Euro Lit | 2 | 0 | 0 | 0 | 30 | 44 | 53.50 | 2 | 2 |
Other - Pop Culture | 1 | 1 | 0 | 0 | 25 | 56 | 94.50 | 0 | 1 |
Literature - British Lit | 1 | 1 | 0 | 1 | 25 | 54 | 76.00 | 0 | 2 |
Arts - Other Arts | 0 | 2 | 0 | 1 | 20 | 93 | 109.50 | 0 | 1 |
Thought - Social Science | 1 | 0 | 1 | 0 | 10 | 41 | 41.00 | 1 | 1 |
History - American History | 0 | 1 | 0 | 1 | 10 | 133 | 133.00 | 0 | 1 |
Beliefs - Religion | 0 | 1 | 0 | 0 | 10 | 93 | 93.00 | 0 | 1 |
Beliefs - Mythology | 0 | 1 | 0 | 0 | 10 | 121 | 121.00 | 0 | 0 |
Arts - Painting | 0 | 1 | 0 | 0 | 10 | 102 | 102.00 | 1 | 1 |
Science - Chemistry | 0 | 1 | 0 | 0 | 10 | 109 | 109.00 | 0 | 1 |
Thought - Philosophy | 0 | 1 | 0 | 0 | 10 | 90 | 90.00 | 0 | 1 |
History - Other History | 0 | 0 | 1 | 0 | -5 | 0.00 | 0 | 0 |